| 000 | 00506nmm a2200169Ia 4500 | ||
|---|---|---|---|
| 008 | 251105s9999||||xx |||||||||||||||||und|| | ||
| 020 | _a9789569544217 | ||
| 041 | _aspa | ||
| 100 | _aArgüelles, Mariella | ||
| 245 | 0 | _aEl perro de los recuerdos | |
| 264 |
_a[Santiago de Chile, Chile] : _bEditorial Segismundo, _c2015 |
||
| 300 | _a222 páginas | ||
| 490 | _aPoetisas al Sur del Mundo | ||
| 650 | _aLatin American narrative | ||
| 856 | _uhttps://public.digitaliapublishing.com/a/63461 | ||
| 942 | _cCF | ||
| 999 |
_c94772 _d94772 |
||